1500 1777 1233 1900 1764 1480 1229 1701 1576 1377 1725 1789 1855 1719 1181 1601 1116 1736 1988 1954 1301 1813 1152 1595 1531 1172 1603 1996 1020 1213 1956 1884 1192 1421 1255 1931 1808 1086 1257 1688 1654 1044 1820 1714 1755 1043 1742 1781 1546 1113 1576 1356 1787 1342 1124 1833 1890 1035 1917 1551 1676 1380 1521 1351 1363 1868 1508 1321 1667 1339 1695 1570 1048 1294 1355 1636 1440 1448 1177 1027 1263 1478 1118 1065 1464 1577 1576 1743 1754 1589 1884 1139 1240 1283 1387 1957 1205 1420 1235 BCNSPRNW ULIB Ver.6.0+V

เปลี่ยนเป็นภาษาไทย

Change to English
 แสดงรายละเอียดบรรณานุกรม
  กลับหน้าหลัก

Brief Record : Get Marc (ISO 2709) : E-mail record : QR code < ปิดหน้าต่าง
LEADER : 00000nam 2200000uu 4500
001    13399120854
003     ULIB
008    121019s2548||||th 000 0 tha d
020    ^a9749712757
020    ^a9789749712757
050  4 ^aB721^bป361ป 2548
100 0  ^aประยงค์ แสนบุราณ
245 10 ^aปรัชญาตะวันตกสมัยใหม่ /^cประยงค์ แสนบุราณ
250    ^aพิมพ์ครั้งที่ 1
260    ^aกรุงเทพฯ :^bโอเดียนสโตร์,^c2548
300    ^a130 หน้า :^bภาพประกอบ ;^c25 ซม.
650  7 ^aปรัชญาตะวันตก
650  7 ^aปรัชญาสมัยใหม่
945    ^p95^l0^i14808
995    ^aกัณชพร
999 ^a ใช้งานได้ทุกระบบ
รายการนี้ยังไม่มีแท็ก
คุณยังไม่ได้ล็อกอิน คุณสามารถมีกิจกรรมร่วมกับเว็บไซต์ได้ แต่ต้องล็อกอินก่อน ::
  ล็อกอิน

รายการสื่อสารสนเทศ

ลำดับที่ ประเภท เลขเรียก/บาร์โค้ด สถานที่ สถานะ
1. วิทยาศาสตร์การแพทย์ และสุขภาพ
วิทยาศาสตร์การแพทย์ และสุขภาพ
B721 ป361ป 2548  
  Barcode: 14808
ห้องสมุดวิทยาเขตสวรรค์ประชารักษ์
►หนังสือทั่วไป
บนชั้น

รายการใกล้เคียง
    ผู้แต่ง [ประยงค์ แสนบุราณ]

    หัวเรื่อง [ปรัชญาตะวันตก]
    หัวเรื่อง [ปรัชญาสมัยใหม่]

BibComment


ยังไม่เคยถูกคอมเมนท์

คอมเมนท์ทรัพยากรรายการนี้
  คอมเมนท์: ปรัชญาตะวันตกสมั..


 Copyright 2026. Bcnsprnw @Library